A systematic approach to the evaluation of indirect costs of contract variations (Record no. 63525)

MARC details
000 -LEADER
fixed length control field 00918cam a2200229 4500
001 - CONTROL NUMBER
control field ABS62270
008 - FIXED-LENGTH DATA ELEMENTS--GENERAL INFORMATION
fixed length control field 000000n2000 000 0 eng u
035 ## - SYSTEM CONTROL NUMBER
System control number (Sirsi) u106053
100 ## - MAIN ENTRY--PERSONAL NAME
Personal name Bower, D.
245 #2 - TITLE STATEMENT
Title A systematic approach to the evaluation of indirect costs of contract variations
260 ## - PUBLICATION, DISTRIBUTION, ETC.
Date of publication, distribution, etc. 2000
490 ## - SERIES STATEMENT
Series statement Construction Management and Economics
Volume/sequential designation 18(3) April/May 2000, 263-268(6)
520 ## - SUMMARY, ETC.
Summary, etc. Proposes a mechanism for the evaluation of compensation due in the event of a variation order under construction contracts, demonstrating how the indirect costs of a variation can be derived by the use of influence curves. References.
590 ## - LOCAL NOTE (RLIN)
Local note ABS
650 ## - SUBJECT ADDED ENTRY--TOPICAL TERM
Topical term or geographic name entry element VARIATIONS
650 ## - SUBJECT ADDED ENTRY--TOPICAL TERM
Topical term or geographic name entry element INDIRECT COSTS
650 ## - SUBJECT ADDED ENTRY--TOPICAL TERM
Topical term or geographic name entry element COMPENSATION
650 ## - SUBJECT ADDED ENTRY--TOPICAL TERM
Topical term or geographic name entry element BUILT ENVIRONMENT-BUILDING CONTRACT FORMS
650 0# - SUBJECT ADDED ENTRY--TOPICAL TERM
Topical term or geographic name entry element INFLUENCE CURVES
690 ## - LOCAL SUBJECT ADDED ENTRY--TOPICAL TERM (OCLC, RLIN)
Topical term or geographic name as entry element BUILT ENVIRONMENT-BUILDING CONTRACT FORMS
942 ## - ADDED ENTRY ELEMENTS (KOHA)
Suppress in OPAC 0
Holdings
Withdrawn status Lost status Source of classification or shelving scheme Damaged status Not for loan Home library Current library Shelving location Date acquired Total Checkouts Full call number Barcode Date last seen Copy number Price effective from Koha item type
    Dewey Decimal Classification     London London Journal article 22/05/2000   ABS62270 106053-1001 06/08/2019 1 06/08/2019 Journal article